Tiene minulosti

April Blakeová prežila šialený útok sériového vraha a navštevuje terapeuta. Na priateľkinej svadbe sa spoznáva s Danielom Kennedym, ktorý prišiel o manželku. Obaja bojujú s tieňmi minulosti. Nájdu April a Daniel cestu k vlastnému odpusteniu? Dokážu nájsť z bludného kruhu to správne východisko?...

Full description

Bibliographic Details
Main Author: Domaničová, Martina (Author)
Other Authors: Kurimský Oľšavská, Antónia (Narrator)
Format: CD Audio
Language:Slovak
PhysicalDescription:1 elektronický optický disk (CD-ROM) digitálny, mono, MP3 12 cm
Published: Levoča Slovenská knižnica pre nevidiacich Mateja Hrebendu 2023
ISBN:9788018110645
Subjects:

MARC

LEADER 00000nim a2200000 a 4500
001 vtls012196263
003 SK-MaSNL
005 20260301105559.0
007 sd fsngnnmmnud
008 230220s2023 xo nnnnfs f n slo
015 |a SNBJ2024 
020 |a 9788018110645  |q (zvuková kniha) 
040 |a SNK  |b slo  |c SNK  |e AACR2 
041 0 |a slo 
044 |a xo  |c SK 
072 7 |a 821.162.4-3  |x Slovenská próza  |2 konspekt 
080 |a 821.162.4-31  |2 2011 
080 |a (0:82-312.4)  |2 2011 
080 |a (086.76)  |2 2001 
100 1 |a Domaničová, Martina  |4 aut  |9 229076 
245 1 0 |a Tiene minulosti  |h elektronický zdroj  |c Martina Domaničová ; číta: Antónia Kurimský Oľšavská 
260 |a Levoča  |b Slovenská knižnica pre nevidiacich Mateja Hrebendu  |c 2023 
300 |a 1 elektronický optický disk (CD-ROM)  |b digitálny, mono, MP3  |c 12 cm 
306 |a 092300 
520 8 |a April Blakeová prežila šialený útok sériového vraha a navštevuje terapeuta. Na priateľkinej svadbe sa spoznáva s Danielom Kennedym, ktorý prišiel o manželku. Obaja bojujú s tieňmi minulosti. Nájdu April a Daniel cestu k vlastnému odpusteniu? Dokážu nájsť z bludného kruhu to správne východisko? 
521 |a pre nevidiacich, slabozrakých a inak zdravotne postihnutých 
655 7 |a zvukové záznamy  |2 SNKPH  |9 70720 
655 7 |a slovenské romány  |2 SNKPH  |9 70324 
655 7 |a trilery (romány)  |2 SNKPH  |9 151146 
655 7 |a CD-ROM  |2 SNKPH  |9 70236 
700 1 |a Kurimský Oľšavská, Antónia  |4 nrt  |9 173280 
752 |a Slovensko  |d Levoča 
787 0 8 |i Podľa knihy:  |t Tiene minulosti  |d Praha : Naše vojsko v edícii naše rodina, 2022  |z 978-80-206-1406-3 
919 |a 978-80-18-11064-5 
999 |c 701218  |d 703148 
952 |a SNK  |b SNK  |y NEVYP  |7 1  |p 17A1543716  |o snkSCD 6628  |i snk2024/282  |8 0  |0 0  |1 0  |4 0  |d 2024-01-07  |l 0  |r 2026-02-23 20:57:33  |w 2026-02-23